00793cam a22002292 4500001001100000005001700011008004100028020001700069040001500086100003000101245010800131250001300239260005700252300001900309650003800328700003600366852001700402908001100419950000600430999001500436952011200451000001984820151217152203.0110222s xx 000 0 eng d a0135070659 : aKABUcKABU1 aKeat, Paul G.@000016032610aManagerial economics :beconomic tools for today's decision makers /cPaul G. Keat, Philip K. Y. Young. a6th ed. aUpper Saddle River, NJ. :bPearson Education,c2009. axxiii, 598 p. 0aManagerial economics.@00001505461 aYoung, Philip K. Y.@00001593021 9p7018.70 KES a110222 @1 c9098d9098 00102lcc70aKABUbKABUd2015-12-17l0oHD30.22 .K43 2009 c. 1p22298r2024-08-02 00:00:00w2015-12-17yBK